Responses for Show #435 - Friday, May 9, 1986

Contestants

[<< previous game]

Molly McClellan, a naval officer from San Diego, California

Al Rossi, an acting teacher and a director from Van Nuys, California

David DeVincenzi, a fashion consultant originally from San Francisco, California (whose 2-day cash winnings total $11,198)

[next game >>]

Jeopardy! Round responses

VACATION SPOTS
FASHION HISTORY
CATS
KIDDIE LIT
THE BULL PEN
TAXES
    $100 4
we speak English

David
    $100 1
(Al: Pins.)

buttons

AlMolly
    $100 12
a tail

David
    $100 19
an ox

David
    $100 10
the pitcher's mound

Molly
    $100 25
the Nobel Prizes

David
    $200 5
Venice

Molly
    $200 2
(David: What are harem pants?)

bloomers

DavidMolly
    $200 13
female

Molly
    $200 21
Simple Simon

Molly
    $200 15
(Al: [*]. What is [*]?)

5

Al
    $300 6
(Al: What is North Carolina?)

South Carolina

AlMolly
    $300 3
a cummerbund

Al
    $300 14
retract

Al
    $300 22
Jack

Al
    $300 16
Ronald Reagan

Molly
    $200 7
"Begin The Beguine"

Molly
    $400 9
(Al: What is the A-shaped dress?)
[Alex does not rule.]
(Al: [*] dress?)

A-line

Al
    $400 17
a snow leopard

Molly
    $400 23
(Alex: We've got less than a minute to go in the round.)

the Beauty

Molly
    $400 20
(Al: Who is Mike Marshall?)

Sandy Koufax

AlMolly
    $400 28
(Al: What is a tariff?)
...
[The end-of-round signal sounds.]

an excise tax

Al
Triple Stumper
    $500 8
Lahaina

Molly
    $500 11
wearing a veil (for the women)

Molly
    $500 18
roar

Molly
    $500 24
the 1001 Arabian Nights

Triple Stumper
    $500 27
rain

David
    $500 26
(Al: Who is Mark?)
(Molly: Who is St. Paul?)

Matthew

DavidAlMolly

Scores at the first commercial break (after clue 11):

David Al Molly
-$100 $300 $2,100

Scores at the end of the Jeopardy! Round:

David Al Molly
$1,200 -$200 $4,000

Double Jeopardy! Round responses

ROARING 20s
TEETH
CLASSIC TV
MUSICAL FACTS
"C.B."
TEXAS
    $200 2
Tutankhamun's tomb

David
    $200 22
wisdom teeth

Molly
    $200 1
Burns & Allen

David
    $200 12
(Al: What is a scale?)
(Molly: What is a measure?)

an octave

AlMolly
Triple Stumper
    $200 13
candy bars

Molly
    $200 8
Rhode Island

Molly
    $400 3
booze

Triple Stumper
    $400 23
buckteeth

Molly
    $400 7
Jackie Gleason

David
    $400 27
(Alex: [Not seeing that Al rung in just ahead of time's up] The violin, the cello, and the bass fiddle, they have [*] strings.)

4

Triple Stumper
    $400 14
Count Basie

Al
    $1,500 18
Aggies

David
    $600 4
Aimee Semple McPherson

Molly
    $600 24
32

Triple Stumper
    $600 9
(David: What is Wednesday night?)

Tuesday night

DavidAl
    $600 28
(Al: What is C?)
...
[The end-of-round signal sounds.]

G

Al
Triple Stumper
    $600 15
a cherry bomb

Al
    $600 19
Houston

David
    $800 5
F. Scott Fitzgerald

David
    $800 25
(David: What are incisors?)

the canines

David
Triple Stumper
    $800 10
(Al: Who is Gilligan?)
...
(Alex: It was Maynard Krebs on the Dobie Gillis show.)

Bob Denver

AlMolly
    $800 16
Clive Barnes

David
    $800 20
Mary Martin

David
    $1000 6
Jimmy Walker

Al
    $1000 26
(Al: What is an entodontist?)

a periodontist

DavidAl
    $1000 11
Lassie

Triple Stumper
    $1,500 17
(Alex: Hurry.)
(David: I don't know.)

a Chesapeake Bay Retriever

David
    $1000 21
(Alex: With less than a minute to go in the game.)

(John Nance) Garner

David

Scores at the end of the Double Jeopardy! Round:

David Al Molly
$5,600 -$200 $6,200

[wagering suggestions for these scores]

Final Jeopardy! Round responses

DIPLOMACY
(Alex: [To Molly] Why are you shaking your head?)
(Molly: My math is bad.)
DavidWhat is the Cuban Missile Crisis
$5,599
MollyWhat is the Cuban Missile Crisis?
$5,100
the Cuban Missile Crisis

Final scores:

David Al Molly
$11,199 -$200 $11,300
2nd place: trip on Eastern to Jamaica & stay at Sandals 3rd place: Admiral refrigerator New champion: $11,300

Game dynamics:

Coryat scores:

David Al Molly
$6,000 -$200 $6,400
16 R
(including 1 DD),
4 W
(including 1 DD)
9 R,
9 W
21 R
(including 1 DD),
2 W

Combined Coryat: $12,200

[game clues] [game scores] [suggest correction]

Game tape date: 1985-12-04
The J! Archive is created by fans, for fans. Scraping, republication, monetization, and malicious use prohibited; this site may use cookies and collect identifying information. See terms. The Jeopardy! game show and all elements thereof, including but not limited to copyright and trademark thereto, are the property of Jeopardy Productions, Inc. and are protected under law. This website is not affiliated with, sponsored by, or operated by Jeopardy Productions, Inc. Join the discussion at JBoard.tv.